Statistiques concernant Plus grandes villes du Finistère (29)

Cliquez ici pour prendre le quiz!

Statistiques générales

  • Ce quiz a été pris 98 fois
  • Le résultat moyen est 7 sur 10

Statistiques - réponses

Populationville% Correct
139 602
Brest
100%
63 166Quimper
97%
14 729Morlaix
86%
19 502Concarneau
82%
15 914Landerneau
72%
14 015Douarnenez
68%
12 188Quimperlé
57%
14 842Guipavas
53%
13 330Plougastel-Daoulas
42%
12 979Plouzané
39%

Distribution des résultats

Percentile par nombre de réponses

% des personnes avec chaque résultat

Votre développement - résultats

Vous n’avez pas pris ce quiz